LIBRARY & INFORMATION CENTRE, KCAET, TAVANUR

ONLINE PUBLIC ACCESS CATALOGUE (OPAC)

Normal view MARC view
  • Kruse, Robert L.

Entry Personal Name

Number of records used in: 1

001 - CONTROL NUMBER

  • control field: 3120

003 - CONTROL NUMBER IDENTIFIER

  • control field: OSt

005 - DATE AND TIME OF LATEST TRANSACTION

  • control field: 20180529135549.0

008 - FIXED-LENGTH DATA ELEMENTS

  • fixed length control field: 180529|| aca||aabn | a|a d

040 ## - CATALOGING SOURCE

  • Original cataloging agency: OSt
  • Transcribing agency: OSt

100 ## - HEADING--PERSONAL NAME

  • Personal name: Kruse, Robert L.

670 ## - SOURCE DATA FOUND

  • Source citation: Work cat.: (OSt)15428: Kruse, Robert L., Data structures and program design /, c1994.
free website counter